[Event "British Chess Championships 2023: First Rapidplay U1750"]
[Site "De Montfort University, 20 Western Boulevard, Leicester, LE2 7BU"]
[Date "2023.07.21"]
[Round "1"]
[Board "1"]
[White "Munshi, Aryan"]
[Black "Vadalia, Jainill"]
[Result "0-1"]
[WhiteElo "1643"]
[BlackElo "1776"]
[PlyCount "0"]
[EventDate "2023.07.21"]
[EventRounds "7"]
[EventCountry "ENG"]

1. d4 Nf6 2. c4 e6 3. g3 d5 4. Bg2 b6 5. cxd5 exd5 6. Nc3 Bb7 7. Nf3 Nbd7 8. O-O
Be7 9. Bf4 a6 10. Rc1 O-O 11. Qd2 Bb4 12. a3 Ne4 13. Qd3 Bxc3 14. bxc3 a5 15. Nd2
Ba6 16. Qc2 Nxd2 17. Qxd2 Nf6 18. Bg5 Re8 19. Rfe1 c6 20. f3 Qd6 21. Bxf6 Qxf6 22.
e4 Bc4 23. e5 Qe7 24. Qb2 b5 25. Bf1 Rab8 26. Rb1 Qa7 27. Kg2 g6 28. f4 Kg7 29. Ra1
c5 30. Qd2 cxd4 31. cxd4 Rbc8 32. Rec1 Red8 33. Rab1 Rc7 34. Bxc4 bxc4 35. Rc2 Rb8
36. Rxb8 Qxb8 37. Qxa5 Qb3 38. Qc3 Qxc3 39. Rxc3 Rb7 40. Re3 Rb3 41. Kf2 Rb2+ 42.
Re2 c3 43. Ke1 c2  0-1

[Event "British Chess Championships 2023: First Rapidplay U1750"]
[Site "De Montfort University, 20 Western Boulevard, Leicester, LE2 7BU"]
[Date "2023.07.21"]
[Round "1"]
[Board "2"]
[White "Szwajkun, Richard"]
[Black "Seet, Joshua"]
[Result "0-1"]
[WhiteElo "1747"]
[BlackElo "1614"]
[PlyCount "0"]
[EventDate "2023.07.21"]
[EventRounds "7"]
[EventCountry "ENG"]

1. d4 c6 2. Nf3 d5 3. Bf4 Nf6 4. Nbd2 Bf5 5. e3 e6 6. c3 Bd6 7. Bxd6 Qxd6 8. Be2
O-O 9. O-O Nbd7 10. Rc1 e5 11. dxe5 Nxe5 12. Nxe5 Qxe5 13. Nf3 Qd6 14. Bd3 Bg6 15.
Bxg6 hxg6 16. Nd4 a6 17. Qc2 Ng4 18. g3 Ne5 19. f4 Nc4 20. Rce1 Rfe8 21. Qf2 c5 22.
Nf3 Re4 23. b3 Nb6 24. a4 c4 25. Ng5 Re7 26. a5 Nd7 27. b4 Nf6 28. Nf3 Rae8 29. Ne5
Ne4 30. Qc2 b6 31. axb6 Qxb6 32. Rd1 Qxe3+ 33. Kh1 Nxc3  0-1

[Event "British Chess Championships 2023: First Rapidplay U1750"]
[Site "De Montfort University, 20 Western Boulevard, Leicester, LE2 7BU"]
[Date "2023.07.21"]
[Round "1"]
[Board "3"]
[White "Godwin, Charles"]
[Black "Tomlinson, Zak"]
[Result "0-1"]
[WhiteElo "1567"]
[BlackElo "1724"]
[PlyCount "0"]
[EventDate "2023.07.21"]
[EventRounds "7"]
[EventCountry "ENG"]

1. d4 Nf6 2. c4 e6 3. Nf3 b6 4. Bg5 h6 5. Bh4 Be7 6. Nc3 Bb7 7. e3 O-O 8. Bd3 d6
9. O-O Nbd7 10. Re1 e5 11. dxe5 dxe5 12. Bf5 e4 13. Nd4 Re8 14. Bxd7 Qxd7 15. Ndb5
Qc6 16. Bxf6 Bxf6 17. Nd5 Be5 18. Rc1 a6 19. Nd4 Qg6 20. b3 Rad8 21. Qe2 Bxd5 22.
cxd5 Rxd5 23. Nc6 Bd6 24. Qxa6 Rc5 25. Qb7 Qh5 26. h3 Re6 27. b4 Rxc1 28. Rxc1 Rg6
29. Qc8+ Kh7 30. a3 f5 31. Kf1 Qg5 32. g3 Qh5 33. h4 Qf3 34. Ke1 Bxg3 35. Rc2 Bxf2+
36. Kd2 Qxe3+  0-1

[Event "British Chess Championships 2023: First Rapidplay U1750"]
[Site "De Montfort University, 20 Western Boulevard, Leicester, LE2 7BU"]
[Date "2023.07.21"]
[Round "1"]
[Board "4"]
[White "Karia, Kamlesh"]
[Black "London, Nick J"]
[Result "0-1"]
[WhiteElo "1543"]
[BlackElo "1699"]
[PlyCount "0"]
[EventDate "2023.07.21"]
[EventRounds "7"]
[EventCountry "ENG"]

1. e4 c5 2. Nc3 e6 3. f4 Nc6 4. Nf3 d6 5. Bc4 Nge7 6. O-O a6 7. a4 g6 8. d3 Bg7 9.
Kh1 O-O 10. Qe1 Qc7 11. Qh4 Nd4 12. Nxd4 cxd4 13. Ne2 d5 14. Bb3 dxe4 15. dxe4 b6
16. f5 exf5 17. Bh6 fxe4 18. Bxg7 Nf5 19. Rxf5 Bxf5 20. Qf6 Qd8 21. Qxd4 Re8 22.
Bf6 Qxd4 23. Bxd4 b5 24. Re1 Rad8 25. axb5 axb5 26. Bc3 e3 27. Nd4 b4 28. Nxf5 bxc3
29. bxc3 gxf5 30. Bc4 Kg7 31. h3 Rd2 32. Bd3 Kf6 33. Kh2 f4 34. Kg1 Rg8 35. Bxh7
Rgxg2+ 36. Kh1 Rh2+ 37. Kg1 Rxh3 38. Bd3  0-1

[Event "British Chess Championships 2023: First Rapidplay U1750"]
[Site "De Montfort University, 20 Western Boulevard, Leicester, LE2 7BU"]
[Date "2023.07.21"]
[Round "1"]
[Board "5"]
[White "Michener, Max"]
[Black "Halford-Maw, Oliver"]
[Result "1-0"]
[WhiteElo "1699"]
[BlackElo "1498"]
[PlyCount "0"]
[EventDate "2023.07.21"]
[EventRounds "7"]
[EventCountry "ENG"]

1. e4 e5 2. Nc3 Nf6 3. f4 d5 4. fxe5 Nxe4 5. Qf3 Nxc3 6. bxc3 Bc5 7. d4 Be7 8. Bd3
O-O 9. Ne2 c5 10. Nf4 Be6 11. Nxe6 fxe6 12. Qh3 h6 13. Qxe6+ Kh8 14. Qg6 Kg8 15.
e6 Rf6 16. Qh7+ Kf8 17. Qh8#  1-0

[Event "British Chess Championships 2023: First Rapidplay U1750"]
[Site "De Montfort University, 20 Western Boulevard, Leicester, LE2 7BU"]
[Date "2023.07.21"]
[Round "1"]
[Board "6"]
[White "Halford-Maw, Samuel"]
[Black "Edgar, Barry"]
[Result "1-0"]
[WhiteElo "1498"]
[BlackElo "1696"]
[PlyCount "0"]
[EventDate "2023.07.21"]
[EventRounds "7"]
[EventCountry "ENG"]

1. e4 c5 2. c3 e6 3. d4 d5 4. exd5 exd5 5. Nf3 Bd6 6. Be3 c4 7. Nbd2 Nf6 8. Qc2 O-O
9. g3 h6 10. Bg2 Be6 11. O-O Nbd7 12. Rfe1 Ng4 13. b3 Nxe3 14. Rxe3 b5 15. Rae1 Qc7
16. Ne5 Rac8 17. b4 a5 18. a3 a4 19. f4 Nf6 20. h3 Rfe8 21. f5 Bd7 22. Ndf3 Ne4 23.
Nxd7 Qxd7 24. Ne5 Qc7 25. Bxe4 dxe4 26. Rxe4 f6 27. Ng6 Qd7 28. Qe2 Rxe4 29. Qxe4
Kf7 30. Qd5+ Ra8  1-0

[Event "British Chess Championships 2023: First Rapidplay U1750"]
[Site "De Montfort University, 20 Western Boulevard, Leicester, LE2 7BU"]
[Date "2023.07.21"]
[Round "1"]
[Board "7"]
[White "Jones, Dixon H"]
[Black "Boztas, Lana"]
[Result "1-0"]
[WhiteElo "1688"]
[BlackElo "1486"]
[PlyCount "0"]
[EventDate "2023.07.21"]
[EventRounds "7"]
[EventCountry "ENG"]

1. d4 Nf6 2. c4 g6 3. Nc3 Bg7 4. e4 d6 5. Bd3 O-O 6. Nge2 a6 7. a4 Nc6 8. O-O Ng4
9. f3 Nh6 10. Bb1 e6 11. Be3 f5 12. Qd2 Nf7 13. Ra3 Qe7 14. Re1 b6 15. exf5 exf5
16. Nf4 Na5 17. Nfd5 Qd7 18. Ba2 Rb8 19. Bf2 c6 20. Ne7+ Kh8 21. Nxc8 Rbxc8 22. c5
bxc5 23. dxc5 d5 24. Nxd5 cxd5 25. Qxa5 Bxb2 26. Rd3 d4 27. Qd2 Bc3 28. Rxc3 Qxa4
29. Rc2 Rcd8 30. Re7 Kg8 31. c6 Qa3 32. Rxf7 Rxf7 33. Bxf7+ Kxf7 34. c7 Rc8 35. h3
Qd6 36. Qxd4 Qxd4 37. Bxd4 Ke7 38. Ba7 Kd7 39. Bb8 a5 40. Rd2+ Kc6 41. Rd8  1-0

[Event "British Chess Championships 2023: First Rapidplay U1750"]
[Site "De Montfort University, 20 Western Boulevard, Leicester, LE2 7BU"]
[Date "2023.07.21"]
[Round "1"]
[Board "8"]
[White "Zhang, Lionel"]
[Black "Edwards, Rhys"]
[Result "1/2-1/2"]
[WhiteElo "1475"]
[BlackElo "1680"]
[PlyCount "0"]
[EventDate "2023.07.21"]
[EventRounds "7"]
[EventCountry "ENG"]

1. e4 e5 2. Nf3 Nc6 3. Bc4 Nf6 4. d3 h6 5. O-O d6 6. h3 Na5 7. Bb3 Be7 8. Bd2 Nxb3
9. axb3 O-O 10. Nc3 c6 11. Qe2 Be6 12. Rfe1 Qc7 13. Rad1 Rfe8 14. d4 Bf8 15. dxe5
dxe5 16. Be3 b5 17. Bc1 a5 18. Qe3 Nh5 19. Qe2 Nf6 20. Qe3 Bb4 21. Bd2 Red8 22. Na2
Bxd2 23. Rxd2 Rxd2 24. Nxd2 Nh5 25. Nc1 c5 26. Qe2 Nf4 27. Qxb5 Bd7 28. Qf1 a4 29.
Nd3 axb3 30. Nxf4 exf4 31. Nxb3 c4 32. Nd4 Ra2 33. Rb1 Bc8 34. c3 g5 35. Qe2 f6 36.
Nc2 Bb7 37. Na3 Ba6 38. Qd2 Qb7 39. Qc2 Qc6 40. Rd1 Bb7 41. Qb1 Qxe4 42. Qxe4 Bxe4
43. Nxc4 Bc2 44. Rd2 Bb3 45. Nd6 Kg7 46. Nf5+ Kg6 47. Nd4 Bc4 48. Kh2 h5 49. Rc2
Bd3 50. Rd2 Bc4 51. Nf3 g4 52. hxg4 hxg4 53. Nd4 Kg5 54. Nc6 Ra6 55. Nb4 Ra8 56.
Rd4 Bb3  1/2-1/2

[Event "British Chess Championships 2023: First Rapidplay U1750"]
[Site "De Montfort University, 20 Western Boulevard, Leicester, LE2 7BU"]
[Date "2023.07.21"]
[Round "1"]
[Board "9"]
[White "Hankey, Chris P"]
[Black "Al Dakl Alla, Humam"]
[Result "1-0"]
[WhiteElo "1680"]
[BlackElo "1464"]
[PlyCount "0"]
[EventDate "2023.07.21"]
[EventRounds "7"]
[EventCountry "ENG"]

1. d4 Nf6 2. c4 d6 3. Nc3 g6 4. e4 Bg7 5. f3 O-O 6. Bd3 e5 7. d5 Nbd7 8. Be3 b6 9.
Nge2 Nc5 10. Bc2 a5 11. O-O Ne8 12. f4 f5 13. fxe5 Bxe5 14. Bd4 Bxd4+ 15. Nxd4 f4
16. Nce2 g5 17. Nc6 Qf6 18. Qd4 Qxd4+ 19. Nexd4 Nf6 20. e5 dxe5 21. Nxe5 h5 22. Rae1
Ng4 23. Nxg4 Bxg4 24. Re5 Rae8 25. Rfe1 Rxe5 26. Rxe5 f3 27. Rxg5+ Kh8 28. gxf3 Bd7
29. Rxh5+ Kg7 30. a3 Re8 31. b4 axb4 32. axb4 Nb7 33. Rh7+ Kf6 34. Rxd7 Rg8+ 35.
Kf2 Rh8 36. Rh7 Rf8 37. Ne6 Ra8 38. Rh6+ Ke7 39. Ke3 Nd6 40. Rh7+ Kf6 41. Rxc7 Ra3+
42. Kf4 Rc3 43. Be4 Nxc4 44. Ng5 Nd6 45. Nh7#  1-0

[Event "British Chess Championships 2023: First Rapidplay U1750"]
[Site "De Montfort University, 20 Western Boulevard, Leicester, LE2 7BU"]
[Date "2023.07.21"]
[Round "1"]
[Board "10"]
[White "Shiva, Shrishti"]
[Black "Day, Jonathan A"]
[Result "0-1"]
[WhiteElo "1442"]
[BlackElo "1664"]
[PlyCount "0"]
[EventDate "2023.07.21"]
[EventRounds "7"]
[EventCountry "ENG"]

1. e4 c6 2. d4 d5 3. f3 e6 4. Bf4 Bd6 5. e5 Bb4+ 6. c3 Ba5 7. Nd2 Ne7 8. Bd3 Nd7
9. Ne2 Bb6 10. Nb3 c5 11. Bb5 c4 12. Nd2 a6 13. Ba4 Ba5 14. Bc2 b5 15. a3 Bb7 16.
Ng3 Ng6 17. Be3 Qh4 18. Bf2 Qe7 19. Ne2 Nb6 20. Bg3 Bc6 21. Rc1 Na4 22. Rb1 Kd7 23.
O-O h5 24. Bxg6 fxg6 25. Nf4 Qg5 26. Qc2 Rh6 27. Nh3 Qf5 28. Qxf5 gxf5 29. Bf4 Rhh8
30. Ng5 Ke7 31. Nh3 Raf8 32. Bg5+ Kd7 33. g3 Bd8 34. Bxd8 Kxd8 35. Ng5 Ke7 36. f4
h4 37. Kg2 hxg3 38. hxg3 Be8 39. Ndf3 Bh5 40. Nh4 Rh6 41. Rfe1 Rb8 42. Kf2 a5 43.
Ke3 Rhh8 44. Kd2 Rb7 45. Rec1 Rhb8 46. Rc2 b4 47. axb4 axb4 48. Ra1 b3 49. Rcc1 Nxb2
50. Rcb1 Nd3 51. Ra6 Rb6 52. Ra7+ R8b7 53. Rxb7+ Rxb7 54. Ng2 Nf2 55. Ne3 Ra7 56.
Nf1 Ra2+ 57. Rb2 Rxb2+ 58. Kc1 Nd3#  0-1

[Event "British Chess Championships 2023: First Rapidplay U1750"]
[Site "De Montfort University, 20 Western Boulevard, Leicester, LE2 7BU"]
[Date "2023.07.21"]
[Round "1"]
[Board "11"]
[White "Mehrgan, Mehrsam"]
[Black "Riggs, Samuel"]
[Result "1-0"]
[WhiteElo "1659"]
[BlackElo "1425"]
[PlyCount "0"]
[EventDate "2023.07.21"]
[EventRounds "7"]
[EventCountry "ENG"]

1. Nf3 Nf6 2. d4 g6 3. c4 Bg7 4. Nc3 O-O 5. e4 d6 6. Bd3 Nbd7 7. O-O e5 8. d5 a5
9. Be3 Ng4 10. h3 Nxe3 11. fxe3 Nc5 12. Bc2 Kh8 13. Na4 b6 14. Nxc5 bxc5 15. Nh2
f5 16. Rb1 Bh6 17. Qe2 Bd7 18. Rf3 Qg5 19. Rbf1 Rf7 20. h4 Qh5 21. Qe1 Rff8 22. b3
fxe4 23. Bxe4 g5 24. Rxf8+ Rxf8 25. Rxf8+ Bxf8 26. Qxa5 Qd1+ 27. Nf1 Bg4 28. Qxc7
Bg7 29. Qd8+  1-0

[Event "British Chess Championships 2023: First Rapidplay U1750"]
[Site "De Montfort University, 20 Western Boulevard, Leicester, LE2 7BU"]
[Date "2023.07.21"]
[Round "1"]
[Board "12"]
[White "Ba, Amy"]
[Black "Chedd, Neil"]
[Result "1/2-1/2"]
[WhiteElo "1403"]
[BlackElo "1651"]
[PlyCount "0"]
[EventDate "2023.07.21"]
[EventRounds "7"]
[EventCountry "ENG"]

1. e4 c6 2. Nc3 d5 3. Nf3 Bg4 4. h3 Bh5 5. g4 Bg6 6. exd5 cxd5 7. Ne5 Nc6 8. Bb5
Rc8 9. h4 Qd6 10. d4 h5 11. g5 a6 12. Bxc6+ bxc6 13. Bf4 Qe6 14. Qe2 Bf5 15. O-O-O
f6 16. Nd3 Qxe2 17. Nxe2 g6 18. Ng3 Bxd3 19. Rxd3 Bg7 20. Ra3 Ra8 21. c3 e5 22. gxf6
exf4 23. fxg7 Rh7 24. Re1+ Kd7 25. Ne2 Re8 26. Kd1 f3 27. Ng1 Rxe1+ 28. Kxe1 Rxg7
29. Rxa6 Re7+ 30. Kd1 Kd6 31. Nxf3 Nf6 32. Ne5 Rc7 33. Nxg6 Ne4 34. f3 Nf6 35. Ne5
Ne8 36. b4 Ng7 37. b5 Nf5 38. Rxc6+ Rxc6 39. Nxc6 Nxh4 40. Ke2 Ng6 41. a4 Nf4+ 42.
Kf2 Nd3+ 43. Kg3 Nb2 44. a5 Na4 45. a6 Kc7 46. f4 Nxc3 47. Nb4 Nxb5 48. Nxd5+ Kb8
49. f5 Nxd4 50. f6 Ne6 51. Kh4 Ka7 52. Kxh5 Kxa6 53. Kg6 Kb7 54. f7 Kc6 55. Ne7+
Kd7 56. Kf6 Nf8 57. Ng6 Ne6 58. Ne5+ Kd6 59. Nc4+ Kd7 60. Nb6+ Kd6 61. Nc8+ Kd7 62.
Kf5 Nf8  1/2-1/2

[Event "British Chess Championships 2023: First Rapidplay U1750"]
[Site "De Montfort University, 20 Western Boulevard, Leicester, LE2 7BU"]
[Date "2023.07.21"]
[Round "1"]
[Board "13"]
[White "Harrison, Oliver"]
[Black "Turkoz, Dogukan Eftal"]
[Result "0-1"]
[WhiteElo "1648"]
[BlackElo "1398"]
[PlyCount "0"]
[EventDate "2023.07.21"]
[EventRounds "7"]
[EventCountry "ENG"]

1. e4 c6 2. c4 d5 3. cxd5 cxd5 4. exd5 Nf6 5. Qa4+ Bd7 6. Qb3 Qc7 7. Nc3 Na6 8. Bxa6
bxa6 9. Nf3 g6 10. O-O Bg7 11. Re1 O-O 12. Rxe7 Rae8 13. Rxe8 Rxe8 14. h3 Bf5 15.
d4 Ne4 16. Be3 Qd7 17. Re1 Bxh3 18. gxh3 Qxh3 19. Nxe4 Rxe4 20. Qb8+ Bf8 21. Qg3
Rg4 22. Bf4 Rxg3+ 23. Bxg3 Qg4 24. Kg2 Bd6 25. Re8+ Kg7 26. Nh2 Qxd4 27. Bxd6 Qxd5+
28. Nf3 Qxd6 29. Re3 Qd5 30. b3 Qd1 31. Re7 Qc2 32. Rxa7 Qxa2 33. Ne5 Qxb3 34. Rxa6
Qb7+ 35. Rc6 f6 36. Nf3 Qxc6  0-1

[Event "British Chess Championships 2023: First Rapidplay U1750"]
[Site "De Montfort University, 20 Western Boulevard, Leicester, LE2 7BU"]
[Date "2023.07.21"]
[Round "2"]
[Board "1"]
[White "Vadalia, Jainill"]
[Black "Hankey, Chris P"]
[Result "1/2-1/2"]
[WhiteElo "1776"]
[BlackElo "1680"]
[PlyCount "0"]
[EventDate "2023.07.21"]
[EventRounds "7"]
[EventCountry "ENG"]

1. d4 Nf6 2. c4 e6 3. Nf3 c5 4. d5 exd5 5. cxd5 d6 6. Nc3 g6 7. e4 Bg7 8. Be2 O-O
9. O-O Bg4 10. Bf4 Nh5 11. Bg5 Bf6 12. Bxf6 Qxf6 13. Nd2 Bxe2 14. Qxe2 Nd7 15. Nc4
Ne5 16. Nxe5 Qxe5 17. g3 f5 18. f4 Qd4+ 19. Qf2 Qf6 20. Rae1 Rae8 21. Re2 fxe4 22.
Rfe1 Qf5 23. Rxe4 Rxe4 24. Rxe4 Nf6 25. Re6 Nxd5 26. Rxd6 Nxc3 27. bxc3 Qb1+ 28.
Kg2 Qe4+ 29. Kg1  1/2-1/2

[Event "British Chess Championships 2023: First Rapidplay U1750"]
[Site "De Montfort University, 20 Western Boulevard, Leicester, LE2 7BU"]
[Date "2023.07.21"]
[Round "2"]
[Board "2"]
[White "Tomlinson, Zak"]
[Black "Mehrgan, Mehrsam"]
[Result "0-1"]
[WhiteElo "1724"]
[BlackElo "1659"]
[PlyCount "0"]
[EventDate "2023.07.21"]
[EventRounds "7"]
[EventCountry "ENG"]

1. e4 c6 2. d4 d5 3. exd5 cxd5 4. c4 Bf5 5. Nc3 Nf6 6. Nf3 e6 7. Bg5 Be7 8. h3 Ne4
9. Bxe7 Qxe7 10. cxd5 Nxc3 11. bxc3 exd5+ 12. Qe2 Qxe2+ 13. Bxe2 O-O 14. O-O Re8
15. Rfe1 Nd7 16. Bb5 a6 17. Bxd7 Bxd7 18. Re5 Rxe5 19. Nxe5 Be6 20. Rb1 f6 21. Nd3
Bf5 22. Rd1 b6 23. Nf4 Rd8 24. g4 Be4 25. Kh2 g5 26. Ne2 Bf3 27. Rd2 Rc8 28. Ng3
Rxc3 29. Nf5 b5 30. Rb2 Be4 31. Ng3 Rc2 32. Rxc2 Bxc2 33. Nf1 b4 34. Ne3 b3 35. axb3
Bxb3  0-1

[Event "British Chess Championships 2023: First Rapidplay U1750"]
[Site "De Montfort University, 20 Western Boulevard, Leicester, LE2 7BU"]
[Date "2023.07.21"]
[Round "2"]
[Board "3"]
[White "Day, Jonathan A"]
[Black "Stokes, Richard"]
[Result "1-0"]
[WhiteElo "1664"]
[BlackElo "1700"]
[PlyCount "0"]
[EventDate "2023.07.21"]
[EventRounds "7"]
[EventCountry "ENG"]

1. e4 c5 2. Nf3 d6 3. d4 cxd4 4. Nxd4 Nf6 5. Nc3 a6 6. a4 e6 7. Be3 Be7 8. Be2 O-O
9. O-O Nc6 10. f4 Bd7 11. Nb3 Qc7 12. a5 e5 13. Bb6 Qc8 14. Qd2 exf4 15. Qxf4 Ne5
16. Rad1 Ng6 17. Qg3 Bc6 18. Bf3 Nd7 19. Bg4 Qe8 20. Bc7 Rc8 21. Bxd6 Bxd6 22. Rxd6
Nge5 23. Bxd7 Nxd7 24. Re1 Ne5 25. Nd4 Ng6 26. e5 Rd8 27. Nf5 Rxd6 28. exd6 Qd7 29.
Ne7+ Kh8 30. Nxg6+ fxg6 31. Re7 Qf5 32. h3 Qc5+ 33. Kh2 Qf5 34. Qe5 Qxe5+ 35. Rxe5
h6 36. Nd5 Rd8 37. Nf4 Rxd6 38. Re6 Rxe6 39. Nxe6 Kg8 40. Kg3 Kf7 41. Nd4 g5 42.
Kf2 Bd5 43. g3 Kf6 44. c3 g6 45. b4 h5 46. Nc2 g4 47. hxg4 hxg4 48. Ke3 Ke5 49. Nd4
Kd6 50. Kf4 Bf3 51. c4 Kc7 52. Nxf3 gxf3 53. Kxf3 b6 54. Kf4 bxa5 55. bxa5 Kc6 56.
Kg5 Kc5 57. Kxg6 Kxc4 58. Kf6 Kb5 59. g4 Kxa5 60. g5 Kb6 61. g6  1-0

[Event "British Chess Championships 2023: First Rapidplay U1750"]
[Site "De Montfort University, 20 Western Boulevard, Leicester, LE2 7BU"]
[Date "2023.07.21"]
[Round "2"]
[Board "4"]
[White "London, Nick J"]
[Black "Halford-Maw, Samuel"]
[Result "1-0"]
[WhiteElo "1699"]
[BlackElo "1498"]
[PlyCount "0"]
[EventDate "2023.07.21"]
[EventRounds "7"]
[EventCountry "ENG"]

1. d4 Nf6 2. c4 g6 3. Nc3 Bg7 4. e4 d6 5. f3 O-O 6. Be3 c5 7. Nge2 Nbd7 8. Qd2 Re8
9. h4 h5 10. Bh6 Nb6 11. Bxg7 Kxg7 12. Nf4 e5 13. dxe5 dxe5 14. Nfd5 Be6 15. Be2
Bxd5 16. Nxd5 Nfxd5 17. cxd5 Qd7 18. Qa5 f5 19. Bb5 Qf7 20. Bxe8 Rxe8 21. Qxc5 Rc8
22. Qe3 Rc2 23. O-O f4 24. Qb3 Re2 25. Rac1 Qe7 26. Qc3 Qxh4 27. Rc2 Re1 28. Rxe1
 1-0

[Event "British Chess Championships 2023: First Rapidplay U1750"]
[Site "De Montfort University, 20 Western Boulevard, Leicester, LE2 7BU"]
[Date "2023.07.21"]
[Round "2"]
[Board "5"]
[White "Seet, Joshua"]
[Black "Michener, Max"]
[Result "0-1"]
[WhiteElo "1614"]
[BlackElo "1699"]
[PlyCount "0"]
[EventDate "2023.07.21"]
[EventRounds "7"]
[EventCountry "ENG"]

1. d4 f5 2. c4 Nf6 3. Nc3 e6 4. Nf3 b6 5. Bf4 Bb4 6. e3 Bb7 7. Be2 O-O 8. O-O Bxc3
9. bxc3 d6 10. Ng5 Qe7 11. Bf3 Bxf3 12. Nxf3 Nbd7 13. Re1 Rad8 14. d5 e5 15. Bg3
h6 16. Nh4 Qf7 17. Nxf5 Ne4 18. Nxh6+ gxh6 19. Qg4+ Ng5 20. h4 Nf6 21. Qf5 Qh7 22.
Qxh7+ Ngxh7 23. f3 Nh5 24. Bf2 Rf7 25. g4 N5f6 26. e4 Nd7 27. Kg2 Ndf8 28. h5 Ng5
29. Re3 Nd7 30. Bh4 Rdf8 31. Rf1 Nc5 32. Bxg5 hxg5 33. Kg3 Rf4 34. Rh1 Kh7 35. h6
R4f6 36. Rh5 Rg8 37. Re2 Rxh6 38. Reh2 Rxh5 39. gxh5 Kh6 40. Kg4 Rf8 41. a3 Rf4+
42. Kg3 Nd7 43. a4 Nf6 44. a5 Nxh5+ 45. Kf2 Kg6 46. Ke3 Rh4 47. Ra2 Nf4 48. axb6
axb6 49. Ra7 Rh2 50. Ra2 Nxd5+ 51. cxd5 Rxa2 52. Kd3 Ra3 53. Kc4 Ra1 54. Kb5 Rc1
55. c4 Rc3 56. Kb4 Rxf3 57. Kb5 g4 58. Kc6 g3 59. Kxc7 g2 60. Kxd6 g1=Q 61. Kxe5
Rf6 62. d6 Qc5#  0-1

[Event "British Chess Championships 2023: First Rapidplay U1750"]
[Site "De Montfort University, 20 Western Boulevard, Leicester, LE2 7BU"]
[Date "2023.07.21"]
[Round "2"]
[Board "6"]
[White "Turkoz, Dogukan Eftal"]
[Black "Jones, Dixon H"]
[Result "1-0"]
[WhiteElo "1398"]
[BlackElo "1688"]
[PlyCount "0"]
[EventDate "2023.07.21"]
[EventRounds "7"]
[EventCountry "ENG"]

1. e4 e6 2. d4 b6 3. Bd3 Bb7 4. Nf3 Nf6 5. Qe2 c5 6. c3 cxd4 7. cxd4 d6 8. O-O Nbd7
9. Nc3 Be7 10. Bf4 O-O 11. Rac1 a6 12. h3 b5 13. a3 Qb6 14. Be3 d5 15. e5 Ne8 16.
Rfd1 f5 17. exf6 Bxf6 18. Ng5 Bxg5 19. Bxg5 Nef6 20. h4 Rae8 21. Be3 Qd6 22. Qd2
Ne4 23. Bxe4 dxe4 24. Ne2 Bd5 25. Nf4 Rf5 26. h5 Ref8 27. g3 Nf6 28. Kg2 Nxh5 29.
Nxh5 Rxh5 30. Rh1 Rhf5 31. Qe2 Rxf2+ 32. Qxf2 Rxf2+ 33. Kxf2 Qd7 34. Bf4 e3+ 35.
Kxe3 Bxh1 36. Rxh1 Qd5 37. Rh2 h6 38. Be5 Kh7 39. Rf2 Qb3+ 40. Ke4 Qd5+ 41. Ke3 Qd7
42. Rc2 Qe7 43. Rc7 Qg5+ 44. Kf3 Qf5+ 45. Ke3 Kg6 46. Rxg7+ Kh5 47. g4+ Qxg4 48.
Rxg4 Kxg4 49. Ke4 h5 50. Bb8 h4 51. Ke5 Kf3 52. Kxe6 Ke4 53. d5 h3 54. Bh2 Kf3 55.
d6  1-0

[Event "British Chess Championships 2023: First Rapidplay U1750"]
[Site "De Montfort University, 20 Western Boulevard, Leicester, LE2 7BU"]
[Date "2023.07.21"]
[Round "2"]
[Board "7"]
[White "Edwards, Rhys"]
[Black "Ba, Amy"]
[Result "0-1"]
[WhiteElo "1680"]
[BlackElo "1403"]
[PlyCount "0"]
[EventDate "2023.07.21"]
[EventRounds "7"]
[EventCountry "ENG"]

1. d4 Nf6 2. Nf3 e6 3. c4 d5 4. Nc3 dxc4 5. e4 Bb4 6. Bxc4 Nxe4 7. O-O Nf6 8. Bg5
h6 9. Bh4 O-O 10. a3 Be7 11. Qd3 c5 12. d5 Nxd5 13. Nxd5 Bxh4 14. Nc7 Bxf2+ 15. Rxf2
Qxc7 16. Re1 Nc6 17. g4 Qf4 18. Re4 Qf6 19. Qe3 Qe7 20. h4 Nd4 21. g5 Nxf3+ 22. Rxf3
b6 23. g6 f5 24. Bxe6+ Bxe6 25. Rxe6 Qxh4 26. Kf1 f4 27. Qe4 Qh1+ 28. Kf2 Qh2+ 29.
Kf1 Qxb2 30. Re7 Qb5+ 31. Kg2 Rae8 32. Qe6+ Kh8 33. Kh2 Rxe7 34. Qxe7 Qe8 35. Qxe8
Rxe8 36. Rxf4 Kg8 37. Rf7 Ra8 38. Kg2 a6 39. Kf2 Rf8 40. Rxf8+ Kxf8 41. Ke3 h5 42.
Kf4 c4 43. a4 c3 44. a5 b5 45. Ke3 h4 46. Kd3 h3 47. Kxc3 h2 48. Kb4 h1=Q 49. Kc5
Qb7 50. Kb4 Qe4+ 51. Kc5 Qxg6 52. Kb4 Qd6+ 53. Kb3 Qd4 54. Kc2 Qe3 55. Kb2 Qd3 56.
Ka1 Qd2 57. Kb1 Ke7 58. Ka1 Kd6  0-1

[Event "British Chess Championships 2023: First Rapidplay U1750"]
[Site "De Montfort University, 20 Western Boulevard, Leicester, LE2 7BU"]
[Date "2023.07.21"]
[Round "2"]
[Board "8"]
[White "Chedd, Neil"]
[Black "Zhang, Lionel"]
[Result "0-1"]
[WhiteElo "1651"]
[BlackElo "1475"]
[PlyCount "0"]
[EventDate "2023.07.21"]
[EventRounds "7"]
[EventCountry "ENG"]

1. d4 Nf6 2. e3 e6 3. Bd3 d5 4. Nf3 Nbd7 5. O-O Bd6 6. Nbd2 c6 7. b3 O-O 8. Bb2 Qc7
9. c4 Re8 10. c5 Bf8 11. b4 b6 12. Re1 Rb8 13. Qc2 bxc5 14. bxc5 Bb7 15. Ne5 h6 16.
f4 Qc8 17. Rab1 Ba6 18. Ndf3 Bxd3 19. Qxd3 Ne4 20. Nd2 Ndf6 21. h3 Nxd2 22. Qxd2
Ne4 23. Qe2 Re7 24. Kh2 Rb5 25. Rg1 Qb7 26. g4 Nc3 27. Bxc3 Rxb1 28. Rxb1 Qxb1 29.
Nxc6 Rc7 30. Ne5 Qb7 31. a3 Qb3 32. Bb4 Qa4 33. Kg3 Be7 34. Qd3 Bf6 35. Nf3 g6 36.
h4 Rb7 37. h5 Qb5 38. Qxb5 Rxb5 39. hxg6 fxg6 40. g5 hxg5 41. fxg5 Bd8 42. Ne5 Bc7
43. Kf4 a5 44. Be1 Rb3 45. e4 Rxa3 46. exd5 exd5 47. Kg4 Bxe5 48. dxe5 Ra1 49. Bc3
Rc1 50. Bxa5 Rxc5 51. Bd8 Kf7 52. Bf6 Ke6 53. Kf4 Rc3 54. Bg7 Rc1 55. Bf6 Re1 56.
Kf3 d4 57. Kf2 Re4 58. Kf3 d3 59. Kxe4 d2 60. Kf4 d1=Q 61. Ke4 Qd5+ 62. Kf4 Qd4+
63. Kf3 Kf5 64. Ke2 Qc4+ 65. Ke3 Qc3+ 66. Kf2 Kf4 67. e6 Qe3+ 68. Kf1 Kf3  0-1